00571nam a2200157Ia 4500082002700000100002300027245009500050260003500145300000900180526003700189650001300226650004700239942001200286999001900298952009600317 a297.63bUSWcL-31,p-25 aArif Billah937474 aUswai Rasool-e-Akram (S.A.W.)bthe life example and teachings of the Holy Prophet Muhammad aKarachi:bSiddiqi Trust,c19-? a436p a0b0c0d297_630000000000000_USW aMCE9379 aMuhammad (S.A.W.), Prophet, 571-632937239 2ddccBK c542339d542339 00102ddc4070aMCEbMCEd2013-10-31l0o297.63 USWpMCE-40264r2013-10-31w2013-10-31yBK